<?xml version="1.0" encoding="UTF-8"?>
<record
    xmlns:xsi="http://www.w3.org/2001/XMLSchema-instance"
    xsi:schemaLocation="http://www.loc.gov/MARC21/slim http://www.loc.gov/standards/marcxml/schema/MARC21slim.xsd"
    xmlns="http://www.loc.gov/MARC21/slim">

  <leader>00852nam a2200229 i 4500</leader>
  <controlfield tag="001">55640</controlfield>
  <controlfield tag="003">ES-MaACL</controlfield>
  <controlfield tag="005">20230906163202.0</controlfield>
  <controlfield tag="007">t|</controlfield>
  <controlfield tag="008">030924s1882    fr           |||| |dfre d</controlfield>
  <datafield tag="100" ind1="1" ind2=" ">
    <subfield code="a">Desprez, Adrien.</subfield>
    <subfield code="9">43925</subfield>
  </datafield>
  <datafield tag="245" ind1="1" ind2="3">
    <subfield code="a">La Politique f&#xE9;minine, de Marie de M&#xE9;dicis &#xE0; Marie-Antoinette </subfield>
    <subfield code="b">: 1610-1792 / </subfield>
    <subfield code="c">Adrien Desprez.</subfield>
  </datafield>
  <datafield tag="260" ind1=" " ind2=" ">
    <subfield code="a">Paris : </subfield>
    <subfield code="b">A. Degorce-Cadot, </subfield>
    <subfield code="c">1882 (</subfield>
    <subfield code="f">Toher et C.)</subfield>
  </datafield>
  <datafield tag="300" ind1=" " ind2=" ">
    <subfield code="a">365 p. ; </subfield>
    <subfield code="c">17 cm.</subfield>
  </datafield>
  <datafield tag="490" ind1="1" ind2=" ">
    <subfield code="a">Biblioth&#xE8;que de vulgarisation</subfield>
  </datafield>
  <datafield tag="600" ind1="1" ind2="4">
    <subfield code="a">Mar&#xED;a </subfield>
    <subfield code="c">Reina consorte de Enrique IV, Rey de Francia.</subfield>
    <subfield code="9">167113</subfield>
  </datafield>
  <datafield tag="600" ind1="0" ind2="4">
    <subfield code="a">Mar&#xED;a Antonieta </subfield>
    <subfield code="c">Reina consorte de Luis XVI, Rey de Francia.</subfield>
    <subfield code="9">76657</subfield>
  </datafield>
  <datafield tag="651" ind1=" " ind2="4">
    <subfield code="a">Francia-</subfield>
    <subfield code="x">Historia-</subfield>
    <subfield code="y">1589-1789,  Casa de Borb&#xF3;n.</subfield>
    <subfield code="9">151680</subfield>
  </datafield>
  <datafield tag="830" ind1="0" ind2=" ">
    <subfield code="a">Biblioth&#xE8;que de vulgarisation</subfield>
    <subfield code="9">230345</subfield>
  </datafield>
  <datafield tag="852" ind1=" " ind2=" ">
    <subfield code="a">ES-MaACL</subfield>
    <subfield code="j">D-1555</subfield>
  </datafield>
  <datafield tag="999" ind1=" " ind2=" ">
    <subfield code="c">55640</subfield>
    <subfield code="d">55640</subfield>
  </datafield>
  <datafield tag="952" ind1=" " ind2=" ">
    <subfield code="0">0</subfield>
    <subfield code="1">0</subfield>
    <subfield code="4">0</subfield>
    <subfield code="7">0</subfield>
    <subfield code="8">LIBXIX</subfield>
    <subfield code="a">ATENEOM</subfield>
    <subfield code="b">ATENEOM</subfield>
    <subfield code="c">SVI</subfield>
    <subfield code="d">2008-01-17</subfield>
    <subfield code="e">SC</subfield>
    <subfield code="l">0</subfield>
    <subfield code="o">D-1555</subfield>
    <subfield code="p">901058453</subfield>
    <subfield code="r">2023-02-23 00:00:00</subfield>
    <subfield code="w">2023-02-23</subfield>
    <subfield code="y">MONANT</subfield>
  </datafield>
</record>
